| 000 | 00614nam a22002057a 4500 | ||
|---|---|---|---|
| 005 | 20251108174625.0 | ||
| 008 | 250721s2008 xx 000 0 ara d | ||
| 020 | _a9770813648 | ||
| 082 | 1 | 4 | _a616.362/جار |
| 100 | 1 |
_aشاهين، أحمد _eمؤلف |
|
| 245 | 1 | 0 | _aأمراض الكبد الوقاية و العلاج / |
| 264 | 1 |
_aالقاهرة : _bدار أخبار اليوم، _c2008. |
|
| 300 | _a124 ص. | ||
| 490 | 0 | _aالسلسلة الطبية | |
| 650 | 1 | 7 | _aالامراض |
| 650 | 1 | 7 | _aالكبد |
| 700 | 1 |
_aالجارم، نعمان _eمؤلف |
|
| 942 |
_2ddc _cBK |
||
| 999 |
_c113854 _d113854 |
||